000 01029nam a22002417a 4500
003 AR-RoUNCS
005 20260212091909.0
008 240826s2005 sp gr 000 f spa
020 _a84-666-2321-3
040 _aAR-BaBN
_bspa
_cAR-RoUNCS
_eaacr
080 _082-312.4(410)
100 1 _aPerry, Anne,
_d1938-2023
_eautora
_4aut
245 1 4 _aLos pecados del lobo /
_cAnne Perry.
260 _aBarcelona :
_bByblos,
_c2005.
300 _a506 p. ;
_c18 cm.
490 0 _aByblos. Narrativa
_v1359/7
500 _aTraducido por Victoria Simó.
520 3 _aLa enfermera Hester Latterly ha encontrado un nuevo trabajo: acompañar a una anciana durante una visita a Londres. Pero la mujer muere envenenada durante el viaje. El inspector William Monk deberá demostrar la culpabilidad de la enfermera o encontrar al asesino entre los miembros del enigmático clan de los Farraline.
650 7 _2embne
_aLiteratura inglesa
655 7 _aNovelas policiacas
_2embne
700 1 _aSimó, Victoria
_etraductora
_4trl
942 _2udc
_cOG
_n0
999 _c898
_d898